postacie w undertale - Statystyki

Ogólne statystyki
  • Ten quiz został rozwiązany 25 razy
    17 od ostatniego zresetowania
  • Średni wynik to 14 z 19
Statystyki odpowiedzi
opis postać % Poprawnych
Protagonista gry Frisk
100%
Najbardziej rozpoznawana postać,komik oraz sędzia Sans
100%
Główny antagonista Flowey
92%
Brat postaci powyżej, nieudolnie próbujeschwytać protagonistę Papyrus
92%
Król podziemia, Odpowiedzialny za śmierć 6dzieci Asgore
83%
Adoptowana siostra postaci powyżej, cierpieniespowodowane chorobą doprowadziło ją do samobójstwa Chara
83%
Dawna królowa podziemia, zamknęła się w ruinach Toriel
83%
Lider gwardii podziemia, próbuje za wszelkącenę zabić protagonistę Undyne
83%
Królewski naukowiec, zakochany w postacipowyżej Alphys
75%
Stwórca undertale występujący w postaci psa (angielska nazwa) Annoying dog/ Toby fox
75%
Syn 2 postaci powyżej, książę podziemia oskarżonyo zabójstwo Asriel
75%
Duch z depresją, który izoluje się od innych Napstablook
75%
Śmiertelna maszyna stworzona przez powyższąpostać Mettaton
67%
Autystyczny dzieciak zafascynowany postacią poniżej Monster Kid
67%
Chciwa sprzedawczyni w hotland, jest nazywana matką pająków Muffet
67%
Dawny królewski naukowiec, który został zabity przez jegowynalazek W.D Gaster
50%
Sprzedawca w waterfall, który chwali się swoimi osiągnięciami(nazywany także młotem sprawiedliwości) Gerson
42%
Młody sprzedawca, który utracił szczęście z życia Burgerpants
25%
Młodzieżowe sprzedawczynie, które sprzedają śmieci (dosłownie) Catty i Bratty
17%
Nie znaleziono quizów pasujących do podanych kryteriów
Rozkład punktacji
Procent ludzi z każdym wynikiem
Percentyl według liczby udzielonych odpowiedzi
Twoja historia wyników
Nie rozwiązałeś tego quizu od ostatniego zresetowania